Statistics for Morse Code Alphabet

Click here to take the quiz!

General Stats

  • This quiz has been taken 2,849 times
  • The average score is 16 of 26

Answer Stats

Morse Code LetterEnglish Letter% Correct
.E
73%
...S
73%
-T
70%
---O
69%
.-A
67%
..I
66%
....H
65%
-.N
64%
-...B
63%
-..D
61%
..-U
61%
-.-K
60%
--.G
59%
.-.R
59%
-.-.C
58%
--M
58%
..-.F
57%
...-V
57%
--..Z
57%
.--.P
56%
.--W
56%
-..-X
54%
-.--Y
54%
.---J
53%
.-..L
53%
--.-Q
52%

Score Distribution

Percentile by Number Answered

Percent of People with Each Score

Your Score History

You have not taken this quiz